| 000 | 00992nam a2200253 a 4500 | ||
|---|---|---|---|
| 001 | 000033796 | ||
| 003 | DO-SdBNP | ||
| 005 | 20250318153621.0 | ||
| 008 | 110912s1853 fr 000 0 spa d | ||
| 040 |
_aDO-SdBNP _bspa _cBNPHU |
||
| 082 |
_a970 _bR649h |
||
| 100 | 1 |
_aRobertson, William _959215 |
|
| 245 | 1 | 0 |
_aHistoria de la América / _cWilliam Robertson ; traductor Bernardo de Amati, precedida de una breve noticia de la vida del autor. |
| 260 |
_aParís : _bLibrería de Belin-Leprieur y Morizot, _c1853. |
||
| 300 |
_a4 v. ; _c17 cm. |
||
| 500 | _aLa biblioteca posee el volumen IV | ||
| 500 | _aIncluye referencias bibliográficas y notas al pie de las páginas | ||
| 651 | 4 |
_aAmérica _xHistoria _9865 |
|
| 651 | 4 |
_aAmérica -- _xDescubrimiento y exploración -- _xEspañoles _9544 _vEnsayo, conferencias, etc. |
|
| 651 | 4 |
_aAmérica Latina _vBIBLIOGRAFÍAS _959216 |
|
| 700 | 1 | 2 |
_aAmati, Bernado de, _etr. _959217 |
| 910 | _aValidado. Control de calidad MFF | ||
| 942 |
_2ddc _cLBS1 |
||
| 999 |
_c33287 _d33287 |
||